Современные технологии обработки металлов и сплавов: сборник научных трудов

Detalles Bibliográficos
Autor Corporativo: МАТИ - Российский государственный технологический университет имени К. Э. Циолковского (МАТИ-РГТУ)
Summary:Сборник научно-технических статей профессорско-преподавательского состава кафедры "Технология обработки металлов давлением" им. проф. А.И. Колпашникова Федерального государственного бюджетного образовательного учреждения высшего профеееиональногообразования "МАГИ — Российский государственный технологический университет имени К.Э. Циолковского" содержит материалы по последним исследованиям и научно-техническим разработкам, осуществляемым сотрудниками МАТИ и научно-техническими работниками других организаций.
Idioma:ruso
Publicado: Москва, Инфра-М, 2019
Series:Научная мысль
Металлообработка
Subjects:
Formato: MixedMaterials Libro
KOHA link:https://koha.lib.tpu.ru/cgi-bin/koha/opac-detail.pl?biblionumber=341690

MARC

LEADER 00000nam0a2200000 4500
001 341690
005 20231102005355.0
010 |a 9785160107677 
035 |a (RuTPU)RU\TPU\book\369909 
090 |a 341690 
100 |a 20181018d2019 k y0rusy50 ca 
101 0 |a rus 
102 |a RU 
105 |a a z 001zy 
200 1 |a Современные технологии обработки металлов и сплавов  |e сборник научных трудов  |f МАТИ - Российский государственный технологический университет имени К. Э. Циолковского (МАТИ-РГТУ) 
210 |a Москва  |c Инфра-М  |d 2019 
215 |a 252 с.  |c ил. 
225 1 |a Научная мысль 
225 1 |a Металлообработка 
320 |a Библиография в конце статей 
330 |a Сборник научно-технических статей профессорско-преподавательского состава кафедры "Технология обработки металлов давлением" им. проф. А.И. Колпашникова Федерального государственного бюджетного образовательного учреждения высшего профеееиональногообразования "МАГИ — Российский государственный технологический университет имени К.Э. Циолковского" содержит материалы по последним исследованиям и научно-техническим разработкам, осуществляемым сотрудниками МАТИ и научно-техническими работниками других организаций. 
606 1 |a Металловедение  |x Общие вопросы  |2 stltpush  |3 (RuTPU)RU\TPU\subj\42403  |9 62070 
610 1 |a металлы 
610 1 |a сплавы 
610 1 |a обработка давлением 
610 1 |a волокнистые материалы 
610 1 |a слоистые материалы 
610 1 |a производство 
610 1 |a теория 
610 1 |a технология 
610 1 |a металлургия 
610 1 |a информационные технологии 
610 1 |a металлургические предприятия 
610 1 |a экономика 
610 1 |a управление 
675 |a 669.017  |v 4 
712 0 2 |a МАТИ - Российский государственный технологический университет имени К. Э. Циолковского (МАТИ-РГТУ)  |c (Москва)  |c (1996-2015)  |2 stltpush  |3 (RuTPU)RU\TPU\col\17771 
801 1 |a RU  |b 63413507  |c 20181018 
801 2 |a RU  |b 63413507  |c 20190605  |g RCR 
942 |c BK 
959 |a 4/20180227  |d 1  |e 854,00  |f ЧЗТЛ:1